Statistics for The many names of Mao's wife

Click here to take the quiz!

General Stats

  • This quiz has been taken 4 times
  • The average score is 5 of 9

Answer Stats

HintAnswer% Correct
The nickname she was most commonly referred to in EnglishMadame Mao
100%
Shortened to this for convenienceLǐ Hè
100%
Her school nameLǐ Yúnhè
67%
Her stage name as an actor (means Blue Apple)Lán Píng
67%
Her most famous name, her revolutionary name (means Green River)Jiāng Qīng
67%
Her given name because her father wanted a sonLǐ Jìnhái
33%
Her new name after she was bornLǐ Shūméng
33%
Her pen name for articles in the Cultural RevolutionLǐ Jìn
33%
The name she gave to protect her identity when released from prisonLǐ Rùnqīng
33%

Score Distribution

Percentile by Number Answered

Percent of People with Each Score

Your Score History

You have not taken this quiz